000
00306nam a2200121Ia 4500
008
240624s9999 xx 000 0 und d
041
_a
eng
082
_a
060 MIS
100
_a
MISRA SASI
245
_a
TWELFTH BIENNIAL CONFERENCE ON ENTREPREN
260
_c
2017
_a
Delhi
_b
Bookwell
300
_a
710 p.; 28 cm.
999
_c
28927
_d
28927